| 000 | 00710nam a2200229 i 4500 | ||
|---|---|---|---|
| 001 | 115543 | ||
| 003 | ES-MaACL | ||
| 005 | 20230906190500.0 | ||
| 007 | t| | ||
| 008 | 070315s1925 sp ||||1| spa d | ||
| 080 | _a621.316 | ||
| 100 | 1 |
_aSintes Olives, Francisco F. _9106653 |
|
| 245 | 1 | 0 |
_aEstaciones transformadoras / _cpor F.F. Sintes. |
| 260 |
_aMadrid : _bCalpe, _c[1925] |
||
| 300 |
_a144 p. : _bil. ; _c17 cm. |
||
| 490 | 1 |
_aBiblioteca del electricista práctico ; _v41 |
|
| 650 | 4 |
_aTransformadores eléctricos. _917625 |
|
| 650 | 1 | 4 |
_aSubestaciones eléctricas. _917236 |
| 830 | 0 |
_aBiblioteca del electricista práctico ; _v41 _9186267 |
|
| 852 |
_aES-MaACL _jB-3774 |
||
| 999 |
_c115543 _d115543 |
||